000 01547cam a22004574i 4500
003 PE-LiUPU
005 20250731173012.0
008 150623s r 000 0 d
020 _a0816304491
035 _a(Sirsi) i9780816304493
040 _aPE-LiUPU
_bspa
_cPE-LiUPU
_erda
049 _aPRUA
082 0 4 _a231.8
_bS471956
_221
100 1 _aSheldon, Jean,
_d1956-,
_eautor.
245 1 0 _aRibbon of lies knife of truth /
_cJean Sheldon.
264 1 _aMountain View, California :
_bPacific Press Publishing Association,
_c1982.
300 _a77 páginas ;
_c17 centímetros
336 _atext
_2rdacontent
337 _aunmediated
_2rdamedia
338 _avolume
_2rdacarrier
505 0 _aFlashback eden. -Flashback Bethlehem. -Flashback Calcary. -Flashback New Eden.
526 _aSEG42
526 _aSEG41
526 _aSEG40
526 _aSEG39
526 _aP94
526 _aP87
526 _aP86
526 _aP85
526 _aP77
526 _aP76
526 _aP35
650 0 4 _aAdventistas del Séptimo Día
_xDoctrinas.
650 0 4 _aTeodicea
_xObras de divulgación.
942 _2ddc
_cBOOK
949 _a231.8 S47 1956
_wDEWEY
_c1
_i46910
_lCCODEBUL1
_mBUL
_r0
_sY
_tBOOK
_u2015-6-24
_xTEOLOGIA
_zUNKNOWN
_0COMPRA
_o.STAFF. Colección General
994 _aC0
_bPEPRU
596 _a1
999 _a231.8 S47 1956
_wDEWEY
_c23506
_i46910
_f2021-11-11
_g6
_lCCODEBUL1
_mBUL
_r0
_sY
_tBOOK
_u2015-6-24
_xTEOLOGIA
_zUNKNOWN
_0COMPRA
_o.STAFF. Colección General
_d23506
980 _81
_gALBERTO SANCHEZ Responsable de Automatización